Blowing Smoke - Gracie Abrams - Statistics

General Stats
  • This quiz has been taken 129 times
    120 since last reset
  • The average score is 417 of 454
Answer Stats
Hint Answer % Correct
a
100%
and
100%
Bridge | Outro | Pre-Chorus And
100%
(Hey,hey,hey,hey) | Verse 1 | Verse 2 I
100%
the
100%
you
100%
You
100%
from
97%
I'm
97%
in
97%
know
97%
know,
97%
let
97%
me,
97%
me
97%
my
97%
of
97%
on
97%
she
97%
to
97%
was
97%
your
97%
Are
95%
are
95%
are,
95%
fell
95%
go
95%
if
95%
If
95%
internet?
95%
is
95%
it
95%
It
95%
mind
95%
prettier
95%
Chorus Tell
95%
tell
95%
than
95%
at
92%
At
92%
be
92%
blowing
92%
brighter
92%
don't
92%
(Don't)
92%
even
92%
for
92%
hear
92%
her
92%
Like,
92%
like
92%
now
92%
off
92%
shoes,
92%
smoke
92%
(Smoke)
92%
stars
92%
tower
92%
what
92%
you're
92%
You're
92%
all
89%
bet
89%
But
89%
conversations
89%
couldn't
89%
didn't
89%
down
89%
everything
89%
far
89%
Far
89%
got
89%
interested?
89%
just
89%
love
89%
out
89%
peace
89%
place
89%
right
89%
she's
89%
still
89%
takes
89%
taking
89%
they
89%
up
89%
Up
89%
voice
89%
alone,
86%
any
86%
away
86%
been
86%
carrying
86%
crowd
86%
enough
86%
going
86%
hurt
86%
I'll
86%
knew
86%
look
86%
meets
86%
sleep
86%
stupid
86%
They're
86%
you've
86%
better"
84%
bullet,
84%
bury
84%
cool?
84%
cut
84%
feel
84%
fine
84%
girls
84%
hill
84%
kissing
84%
opening
84%
point
84%
pulse,
84%
rope
84%
say
84%
standards
84%
When
84%
won't
84%
(Won't)
84%
about
81%
fantasy
81%
hotel
81%
last
81%
lying
81%
so
81%
yet
81%
baggage
78%
Bit
78%
help
78%
"it's
78%
nothing,
78%
one
78%
should
78%
think
78%
time,
78%
another
76%
find
76%
perfect
76%
boom
73%
completely
73%
hate
73%
image
73%
read
73%
sleeping
73%
aloud
70%
books
70%
Took
70%
fed
68%
impressed
68%
pretentious
68%
drag
59%
chalk
54%
who'll
54%
(Thing)
24%
No matching quizzes found
Score Distribution
Percent of People with Each Score
Percentile by Number Answered
Your Score History
You have not taken this quiz since the last reset